| 000 | 00406nam a2200169Ia 4500 | ||
|---|---|---|---|
| 008 | 230711s9999||||xx |||||||||||||| ||und|| | ||
| 020 | _a978-93-5014-269-1 | ||
| 041 | _aENG | ||
| 082 |
_a621.4022 _bKU-H |
||
| 100 | _aKumar,D.S | ||
| 245 | 0 | _aHeat and mass transfer | |
| 250 | _a7th | ||
| 260 |
_c2012 _aNew Delhi _bS.K Kataria & Sons |
||
| 300 | _a862 | ||
| 650 | _aMechanical Engineering | ||
| 942 | _cBK | ||
| 999 |
_c1789 _d1789 |
||